Stupnice spotřebních jednotek pro jednotlivce a pro domácnost a jejich využití v praxi.
Cieľ konštrukcie stupnice spotrebných jednotiek. Rozlíšenie stupnice spotrebných jednotiek pre jednotlivcov a stupnice spotrebných jednotiek pre rodiny. Nutričné spotrebné jednotky a ekonomické spotrebné jednotky. História stupníc spotrebných jednotiek.
Salvato in:
| Autore principale: | |
|---|---|
| Natura: | Capitolo di libro |
| Lingua: | ceco |
| Soggetti: | |
| Tags: |
Nessun Tag, puoi essere il primo ad aggiungerne!!
|
MARC
| LEADER | 00000naa a2200000 4500 | ||
|---|---|---|---|
| 001 | r012480 | ||
| 005 | 20220826094855.3 | ||
| 041 | 0 | |a cze | |
| 044 | |a CZ | ||
| 245 | 1 | 0 | |a Stupnice spotřebních jednotek pro jednotlivce a pro domácnost a jejich využití v praxi. |c J. Moravová |
| 520 | |a Cieľ konštrukcie stupnice spotrebných jednotiek. Rozlíšenie stupnice spotrebných jednotiek pre jednotlivcov a stupnice spotrebných jednotiek pre rodiny. Nutričné spotrebné jednotky a ekonomické spotrebné jednotky. História stupníc spotrebných jednotiek. | ||
| 610 | 2 | 0 | |a jednotky štatistické |
| 610 | 2 | 0 | |a spotreba osobná |
| 610 | 2 | 0 | |a spotreba obyvateľstva |
| 610 | 2 | 0 | |a dejiny hospodárske |
| 100 | 1 | |a Moravová, J. | |